Ethics demystified : hard stuff made easy (Record no. 62237)
[ view plain ]
| 000 -LEADER | |
|---|---|
| fixed length control field | 01618cam a22003377a 4500 |
| 001 - CONTROL NUMBER | |
| control field | 16548850 |
| 003 - CONTROL NUMBER IDENTIFIER | |
| control field | NUST-PNEC |
| 005 - DATE AND TIME OF LATEST TRANSACTION | |
| control field | 20170116180742.0 |
| 008 - FIXED-LENGTH DATA ELEMENTS--GENERAL INFORMATION | |
| fixed length control field | 101122s2011 nyua e b 001 0 eng |
| 010 ## - LIBRARY OF CONGRESS CONTROL NUMBER | |
| LC control number | 2010941614 |
| 020 ## - INTERNATIONAL STANDARD BOOK NUMBER | |
| International Standard Book Number | 9780071762755 |
| 020 ## - INTERNATIONAL STANDARD BOOK NUMBER | |
| International Standard Book Number | 0071762752 |
| 035 ## - SYSTEM CONTROL NUMBER | |
| System control number | (OCoLC)ocn745216368 |
| 040 ## - CATALOGING SOURCE | |
| Original cataloging agency | AU@ |
| Language of cataloging | eng |
| Transcribing agency | PNEC |
| 042 ## - AUTHENTICATION CODE | |
| Authentication code | lccopycat |
| 050 00 - LIBRARY OF CONGRESS CALL NUMBER | |
| Classification number | BJ1012 |
| Item number | .N49 2011 |
| 082 04 - DEWEY DECIMAL CLASSIFICATION NUMBER | |
| Classification number | 170 NEW |
| Edition number | 22 |
| 100 1# - MAIN ENTRY--PERSONAL NAME | |
| Personal name | Newman, Micah. |
| 245 10 - TITLE STATEMENT | |
| Title | Ethics demystified : hard stuff made easy |
| Statement of responsibility, etc. | Micah Newman. |
| 260 ## - PUBLICATION, DISTRIBUTION, ETC. | |
| Place of publication, distribution, etc. | New York : |
| Name of publisher, distributor, etc. | McGraw-Hill, |
| Date of publication, distribution, etc. | c2011. |
| 300 ## - PHYSICAL DESCRIPTION | |
| Extent | xii, 320 p. : |
| Other physical details | ill. ; |
| Dimensions | 24 cm. |
| 490 1# - SERIES STATEMENT | |
| Series statement | Demystified series |
| 504 ## - BIBLIOGRAPHY, ETC. NOTE | |
| Bibliography, etc. note | Includes bibliographical references and index. |
| 505 0# - FORMATTED CONTENTS NOTE | |
| Formatted contents note | Part 1: What philosophy is and how to do it. Philosophy: the intellectual pursuit and social activity -- Logic and arguments in philosophy -- Part 2: Ethical theory. Value theory: what really matters? -- Normative ethics: what makes actions right or wrong? -- Metaethic: what kinds of things are moral judgments? -- Part 3: Applied ethics. Civil liberties -- Abortion -- Capital punishment -- Torture -- Euthanasia -- Animal rights -- Poverty and affluence -- Affirmative action -- Business ethics. |
| 650 #0 - SUBJECT ADDED ENTRY--TOPICAL TERM | |
| Topical term or geographic name entry element | Ethics. |
| General subdivision | MIS |
| 830 #0 - SERIES ADDED ENTRY--UNIFORM TITLE | |
| Uniform title | McGraw-Hill "Demystified" series. |
| 856 ## - ELECTRONIC LOCATION AND ACCESS | |
| Uniform Resource Identifier | <a href="http://www.amazon.com/Ethics-DeMYSTiFieD-Hard-Stuff-Made/dp/0071762752/ref=sr_1_1?s=books&ie=UTF8&qid=1420440823&sr=1-1&keywords=0071762752">http://www.amazon.com/Ethics-DeMYSTiFieD-Hard-Stuff-Made/dp/0071762752/ref=sr_1_1?s=books&ie=UTF8&qid=1420440823&sr=1-1&keywords=0071762752</a> |
| 906 ## - LOCAL DATA ELEMENT F, LDF (RLIN) | |
| a | 7 |
| b | cbc |
| c | copycat |
| d | 2 |
| e | ncip |
| f | 20 |
| g | y-gencatlg |
| 942 ## - ADDED ENTRY ELEMENTS (KOHA) | |
| Source of classification or shelving scheme | |
| Koha item type | Book |
| Withdrawn status | Lost status | Source of classification or shelving scheme | Damaged status | Not for loan | Permanent Location | Current Location | Shelving location | Date acquired | Source of acquisition | Cost, normal purchase price | Total Checkouts | Full call number | Barcode | Date last seen | Date last checked out | Cost, replacement price | Price effective from | Koha item type |
|---|---|---|---|---|---|---|---|---|---|---|---|---|---|---|---|---|---|---|
| Pakistan Navy Engineering College (PNEC) | Pakistan Navy Engineering College (PNEC) | 03/27/2014 | Library / Reference Grant | 1033.50 | 1 | 170 NEW | PNECLIB-031804 | 11/09/2016 | 11/09/2016 | 1033.50 | 03/27/2014 | Book |
